[Event "AUTO-MASTER-2252"]
[Site "http://www.queenalice.com/game.php?id=1343038"]
[Date "2015.2.21"]
[Round "1"]
[White "gedalias"]
[Black "salso"]
[Result "1-0"]
[WhiteElo "2166"]
[BlackElo "2142"]

1. e4 e5 2. Nf3 d6 3. d4 Nd7 4. dxe5 dxe5 5. Bc4 c6 6. O-O Be7 7. Qe2 Ngf6 8.
Bxf7+ Kxf7 9. Qc4+ Kg6 10. Nh4+ Kh5 11. Qe2+ Ng4 12. h3 Nf6 13. hxg4+ Bxg4 14.
f3 Bc5+ 15. Kh1 Kxh4 16. fxg4 Nxg4 17. g3+ Kxg3 18. Qf3+ Kh4 19. Kg2 Ne3+ 20.
Bxe3 Bxe3 21. Qg3+ 1-0

[Event "AUTO-MASTER-2252"]
[Site "http://www.queenalice.com/game.php?id=1343039"]
[Date "2015.2.21"]
[Round "1"]
[White "salso"]
[Black "gedalias"]
[Result "1-0"]
[WhiteElo "2143"]
[BlackElo "2127"]

1. d4 e6 2. e4 d6 3. Nf3 Nf6 4. Bg5 Be7 5. Bd3 O-O 6. Nc3 b6 7. Bxf6 Bxf6 8. e5
dxe5 9. dxe5 Be7 10. Be4 c6 11. O-O Bb7 12. Qxd8 Rxd8 13. Rad1 Nd7 14. a3 Nc5
15. b4 Nxe4 16. Nxe4 c5 17. Nd6 Bxf3 18. gxf3 Bxd6 19. Rxd6 Rxd6 20. exd6 cxb4
21. axb4 Rd8 22. c4 Rxd6 23. Ra1 Rd7 24. c5 bxc5 25. bxc5 g6 26. Kg2 Rc7 27. Kg3
Rxc5 28. Rxa7 h5 29. h4 Kg7 30. Rb7 g5 31. hxg5 Rxg5+ 32. Kh4 Rg2 33. Kxh5 Rxf2
34. Kg4 Kf6 35. Kf4 Ra2 36. Rc7 Ra4+ 37. Ke3 e5 38. Rb7 Ke6 39. Rb8 Kf5 40. Rb3
f6 41. Rc3 Rh4 42. Rc5 Rd4 43. Rb5 Ke6 44. Rb6+ Rd6 45. Rb8 f5 46. Re8+ Kd5 47.
Ra8 f4+ 48. Kd3 Ke6+ 49. Ke2 Kf5 50. Rf8+ 1-0

[Event "Let's Play Chess!"]
[Site "http://www.queenalice.com/game.php?id=1343480"]
[Date "2015.2.23"]
[Round "-"]
[White "gedalias"]
[Black "franz_ferdinand"]
[Result "0-1"]
[WhiteElo "2165"]
[BlackElo "2077"]

1. e4 c6 2. d4 d5 3. exd5 cxd5 4. Nc3 Nf6 5. Nf3 Bg4 6. Be2 Nbd7 7. O-O e6 8.
Bf4 a6 9. h3 Bh5 10. Na4 Be7 11. c4 dxc4 12. Bxc4 b5 13. Bb3 bxa4 14. Bxa4 O-O
15. Qb3 Nd5 16. Bd2 Rb8 17. Qd3 Bg6 18. Qxa6 Rxb2 19. Ba5 N7b6 20. Bb3 Qa8 21.
Qxa8 Rxa8 22. Bd2 Bd3 23. Rfe1 Bb4 24. Bxb4 Nxb4 25. Re3 Bg6 26. Ne5 N4d5 27.
Ree1 Rd2 28. Red1 Rxd1+ 29. Rxd1 f6 30. Nxg6 hxg6 31. Re1 Kf7 32. Rc1 Rc8 33.
Rxc8 Nxc8 34. g3 Ncb6 35. Kf1 Ke7 36. Ke2 Kd6 37. Kd3 g5 0-1

[Event "Let's Play Chess!"]
[Site "http://www.queenalice.com/game.php?id=1343486"]
[Date "2015.2.23"]
[Round "-"]
[White "trotsky"]
[Black "gedalias"]
[Result "1-0"]
[WhiteElo "2192"]
[BlackElo "2181"]

1. e4 c5 2. Nf3 d6 3. d4 cxd4 4. Nxd4 Nf6 5. Nc3 e6 6. g4 e5 7. Nf5 g6 8. Ne3 h6
9. Bc4 Nc6 10. O-O Nd4 11. f3 Bd7 12. Ncd5 Nxd5 13. Bxd5 Bc6 14. c3 Ne6 15. Qb3
Qd7 16. Ng2 Nc5 17. Qc4 Bb5 18. Bxf7+ Kd8 19. Qd5 Bxf1 20. Kxf1 g5 21. Ne3 Qc6
22. Nf5 Qxd5 23. Bxd5 Rh7 24. Be3 Nd3 25. h4 Nf4 26. Bxf4 exf4 27. h5 Rb8 28.
Rd1 b6 29. Be6 Kc7 30. Bd5 Rd8 31. Nd4 Kb8 32. Nc6+ Kc7 33. Nxd8 Kxd8 34. Ke2
Rc7 35. Kd3 Bg7 36. Rc1 a5 37. Rc2 Rc5 38. b4 axb4 39. cxb4 Rxc2 40. Kxc2 Kc7
41. a4 Bd4 42. Kd3 Be3 43. Be6 Kd8 44. Kc4 Ke7 45. Bf5 Bf2 46. Kb5 Kf6 47. Kc6
Ke5 48. a5 bxa5 49. bxa5 Bc5 50. a6 Kd4 51. Kb7 Ke3 52. e5 Kxf3 53. exd6 Ke3 54.
d7 Be7 55. a7 f3 56. a8=Q f2 57. Qa1 1-0

[Event "Let's Play Chess!"]
[Site "http://www.queenalice.com/game.php?id=1343487"]
[Date "2015.2.23"]
[Round "-"]
[White "gedalias"]
[Black "trotsky"]
[Result "0-1"]
[WhiteElo "2181"]
[BlackElo "2222"]

1. e4 c5 2. Nf3 d6 3. d4 cxd4 4. Nxd4 Nf6 5. Nc3 g6 6. Be3 Bg7 7. Be2 O-O 8. Qd2
Nc6 9. O-O Bd7 10. Ncb5 a6 11. Na3 Nxe4 12. Qd1 Nxd4 13. Bxd4 Bxd4 14. Qxd4 Bc6
15. Nc4 e5 16. Qe3 Qe7 17. Na5 f5 18. Nxc6 bxc6 19. c4 Nc5 20. b4 Ne6 21. c5 Nf4
22. cxd6 Qxd6 23. Bc4+ Nd5 24. Qb3 Kg7 25. Rfd1 Rfd8 26. Rd3 e4 27. Qb2+ Qf6 28.
Qxf6+ Kxf6 29. Rd4 Nxb4 30. Rad1 Rxd4 31. Rxd4 Nd5 32. Bxd5 Rd8 33. Rc4 cxd5 34.
Rc6+ Ke5 35. Rxa6 d4 36. Kf1 d3 37. Ke1 Rd6 38. Ra7 h5 39. a4 Kd4 40. a5 Kc4 41.
Rb7 Ra6 42. Rb6 Rxa5 43. Rxg6 Kd4 44. Rc6 Rc5 45. Ra6 f4 46. Ra4+ Rc4 47. Rxc4+
Kxc4 48. g3 Kc3 49. gxf4 Kc2 0-1

[Event "AUTO-MASTER-2256"]
[Site "http://www.queenalice.com/game.php?id=1344377"]
[Date "2015.2.27"]
[Round "1"]
[White "gedalias"]
[Black "NMendes"]
[Result "0-1"]
[WhiteElo "2145"]
[BlackElo "2179"]

1. e4 c5 2. Nf3 d6 3. d4 cxd4 4. Nxd4 Nf6 5. Nc3 e6 6. Bb5+ Nbd7 7. O-O a6 8.
Bxd7+ Bxd7 9. h3 Be7 10. b3 Rc8 11. Bb2 b5 12. Re1 e5 13. Nf3 O-O 14. Rc1 h6 15.
Nd5 Nxd5 16. Qxd5 Be6 17. Qd3 Qd7 18. Nd2 f5 19. c4 f4 20. cxb5 axb5 21. Rxc8
Rxc8 22. Rc1 Rxc1+ 23. Bxc1 Qc6 24. Bb2 h5 25. Qc3 Qb7 26. a3 g5 27. f3 g4 28.
hxg4 hxg4 29. fxg4 Bxg4 30. b4 Qb6+ 31. Kf1 Bh4 0-1

[Event "AUTO-MASTER-2256"]
[Site "http://www.queenalice.com/game.php?id=1344378"]
[Date "2015.2.27"]
[Round "1"]
[White "NMendes"]
[Black "gedalias"]
[Result "1-0"]
[WhiteElo "2194"]
[BlackElo "1974"]

1. Nf3 Nf6 2. c4 e6 3. d4 Bb4+ 4. Nc3 O-O 5. Bg5 d6 6. e4 h6 7. Bh4 g5 8. Nxg5
Bxc3+ 9. bxc3 hxg5 10. Bxg5 Kg7 11. Qf3 Nbd7 12. Qg3 Rh8 13. e5 dxe5 14. dxe5
Kf8 15. exf6 c6 16. Rd1 Ke8 17. Be2 Qa5 18. O-O Rg8 19. Qd6 Qc5 20. Qxc5 Nxc5
21. h4 Ne4 22. f4 Bd7 23. Rd3 Nc5 24. Rd4 Kd8 25. h5 e5 26. Rdd1 exf4 27. Bxf4
Kc8 28. Bf3 Bg4 29. Bxg4+ Rxg4 30. Bd6 Rxc4 31. Rfe1 Ne4 32. Be7 Kc7 33. Rd4
Rxd4 34. cxd4 Ng5 35. Kf2 Ne6 36. Rxe6 Kd7 37. Rd6+ Kc7 38. g4 1-0

[Event "AUTO-MASTER-2256"]
[Site "http://www.queenalice.com/game.php?id=1344379"]
[Date "2015.2.27"]
[Round "1"]
[White "gedalias"]
[Black "Henderb"]
[Result "1-0"]
[WhiteElo "2134"]
[BlackElo "2109"]

1. e4 e6 2. d4 d5 3. Nc3 Nf6 4. e5 Nfd7 5. Nf3 c5 6. Be3 cxd4 7. Bxd4 Nc6 8. Bb5
Nxd4 9. Qxd4 a6 10. Bd3 Bc5 11. Qg4 O-O 12. Bxh7+ 1-0

[Event "AUTO-MASTER-2256"]
[Site "http://www.queenalice.com/game.php?id=1344380"]
[Date "2015.2.27"]
[Round "1"]
[White "Henderb"]
[Black "gedalias"]
[Result "1-0"]
[WhiteElo "2165"]
[BlackElo "1936"]

1. Nf3 Nf6 2. c4 Nc6 3. d4 d5 4. cxd5 Nxd5 5. e4 Nb6 6. d5 Na5 7. Bd2 Nac4 8.
Bxc4 Nxc4 9. Qa4+ Bd7 10. Qxc4 e6 11. Ba5 b6 12. Bb4 exd5 13. exd5 Be7 14. O-O
O-O 15. Bxe7 Qxe7 16. Qxc7 Qd8 17. d6 Qxc7 18. dxc7 1-0

[Event "AUTO-MASTER-2256"]
[Site "http://www.queenalice.com/game.php?id=1344381"]
[Date "2015.2.27"]
[Round "1"]
[White "gedalias"]
[Black "Janivgm"]
[Result "0-1"]
[WhiteElo "2186"]
[BlackElo "1913"]

1. e4 e5 2. Nf3 Nf6 3. Nc3 Nc6 4. Bc4 Bc5 5. O-O d6 6. h3 Bd7 7. d3 a6 8. Bg5 h6
9. Bxf6 Qxf6 10. Nd5 Qd8 11. c3 b5 12. Bb3 a5 13. a4 bxa4 14. Bxa4 O-O 15. d4
exd4 16. cxd4 Bb4 17. b3 Ne7 18. Nxb4 axb4 19. d5 Ng6 20. Nd4 Bxa4 21. Rxa4 Rxa4
22. bxa4 Qf6 23. Qd3 Ra8 24. Qd1 Nf4 25. f3 Qg5 26. g4 Nxh3+ 27. Kg2 Nf4+ 28.
Kg3 Kh7 29. Rh1 Ng6 30. Nc6 Qe3 31. Nxb4 Qa3 32. Nc6 Rxa4 33. Qe2 Qc3 34. g5 Ne5
35. gxh6 gxh6 36. Ne7 Ra3 37. Rf1 Ng6 38. Nf5 Qe5+ 39. Kg4 h5+ 40. Kg5 f6+ 41.
Kxh5 Nf4+ 0-1

[Event "AUTO-MASTER-2256"]
[Site "http://www.queenalice.com/game.php?id=1344382"]
[Date "2015.2.27"]
[Round "1"]
[White "Janivgm"]
[Black "gedalias"]
[Result "0-1"]
[WhiteElo "1918"]
[BlackElo "2182"]

1. d4 d5 2. c4 Nf6 3. e3 e6 4. Nf3 b6 5. Nc3 Bb7 6. b3 Bb4 7. Bd2 c5 8. a3 Bxc3
9. Bxc3 cxd4 10. exd4 dxc4 11. Bxc4 O-O 12. O-O Nd5 13. Bd2 Nd7 14. Qe2 N7f6 15.
Rfe1 Nh5 16. Ne5 Ndf4 17. Bxf4 Nxf4 18. Qg4 Nxg2 19. d5 Nxe1 20. Rxe1 exd5 21.
Bd3 g6 22. h4 f5 23. Qd4 Qf6 24. Qf4 Rfe8 25. Bb5 Re7 26. Re3 a6 27. Bd3 Rae8
28. Ng4 Qa1+ 29. Kh2 Rxe3 30. Nxe3 d4 31. Bc4+ Kh8 32. Nd5 Bxd5 33. Bxd5 d3 34.
Bc4 Qe5 35. Qxe5+ Rxe5 36. Bxd3 a5 37. Kg3 b5 38. a4 b4 39. Bc4 Rc5 40. Kf4
Rxc4+ 0-1

[Event "AUTO-MASTER-2265"]
[Site "http://www.queenalice.com/game.php?id=1347427"]
[Date "2015.3.14"]
[Round "1"]
[White "Artking"]
[Black "gedalias"]
[Result "0-1"]
[WhiteElo "2067"]
[BlackElo "2135"]

1. Nf3 d5 2. c4 e6 3. g3 Nf6 4. Bg2 Bc5 5. O-O O-O 6. d4 Be7 7. b3 dxc4 8. bxc4
c5 9. e3 cxd4 10. exd4 Nc6 11. Bb2 Qb6 12. Qb3 Qc7 13. Na3 Na5 14. Qa4 Bd7 15.
Nb5 Qd8 16. Ne5 a6 17. Nxd7 Qxd7 18. Qxa5 axb5 19. Qxb5 Qxb5 20. cxb5 Rab8 21.
a4 b6 22. Rfc1 Rbc8 23. Rc6 Rxc6 24. bxc6 Rc8 25. Rc1 Nd5 26. Bxd5 exd5 27. Re1
Bd6 28. Bc3 Kf8 29. Rb1 Rxc6 30. Bd2 Bc7 31. Bb4+ Kg8 32. a5 bxa5 33. Bxa5 h6
34. Bxc7 Rxc7 35. Rb8+ Kh7 36. Rd8 Kg6 37. Rxd5 Kf6 38. Kg2 Ke6 39. Rc5 Rd7 40.
d5+ Rxd5 41. Rxd5 Kxd5 42. Kf3 g5 43. g4 Ke5 44. Ke3 f5 45. gxf5 Kxf5 46. h3 g4
47. h4 h5 48. f3 g3 49. f4 Kg4 50. f5 Kh3 51. f6 g2 0-1

[Event "AUTO-MASTER-2265"]
[Site "http://www.queenalice.com/game.php?id=1347428"]
[Date "2015.3.14"]
[Round "1"]
[White "gedalias"]
[Black "Artking"]
[Result "0-1"]
[WhiteElo "2150"]
[BlackElo "2047"]

1. e4 b6 2. d4 Bb7 3. Nc3 e6 4. Nf3 Nf6 5. Bd3 Bb4 6. Qe2 c5 7. Bd2 cxd4 8. Nxd4
Nc6 9. Ndb5 a6 10. a3 Be7 11. e5 axb5 12. exf6 Bxf6 13. Bxb5 Nd4 14. Qd3 Bxg2
15. Rg1 Nf3+ 16. Ke2 Nxg1+ 17. Rxg1 Bb7 18. Na4 O-O 19. Bc3 d5 20. Bxf6 Qxf6 21.
c3 e5 22. Qg3 Ba6 23. Bxa6 Rxa6 24. Qg4 d4 25. Qd7 d3+ 26. Qxd3 Rxa4 27. c4 e4
28. Qb3 e3 29. fxe3 Qc6 30. Qc3 f6 31. b4 Rd8 32. Qb3 Raa8 33. c5+ Kf8 34. cxb6
Qb5+ 35. Ke1 Rd3 36. Qe6 Re8 0-1

[Event "AUTO-MASTER-2265"]
[Site "http://www.queenalice.com/game.php?id=1347443"]
[Date "2015.3.14"]
[Round "1"]
[White "gedalias"]
[Black "phystutordotcom"]
[Result "1-0"]
[WhiteElo "2137"]
[BlackElo "1789"]

1. e4 d6 2. d4 e5 3. dxe5 dxe5 4. Qxd8+ Kxd8 5. Bc4 Be6 6. Bxe6 fxe6 7. Nf3 Bd6
8. Bg5+ Nf6 9. Nbd2 h6 10. Bh4 Nd7 11. O-O-O Ke7 12. Rhe1 g5 13. Bg3 Nh5 14. Nf1
Nf4 15. Ne3 1-0

[Event "AUTO-MASTER-2265"]
[Site "http://www.queenalice.com/game.php?id=1347445"]
[Date "2015.3.14"]
[Round "1"]
[White "gedalias"]
[Black "Rutty"]
[Result "0-1"]
[WhiteElo "2052"]
[BlackElo "2115"]

1. e4 c5 2. Nf3 Nc6 3. d4 cxd4 4. Nxd4 d5 5. Nxc6 bxc6 6. exd5 Qxd5 7. Nc3 Qxd1+
8. Nxd1 e5 9. Bc4 Bf5 10. Ne3 Bg6 11. O-O Nf6 12. b3 Bc5 13. c3 O-O 14. Bb2 Rad8
15. Rad1 h6 16. Rxd8 Rxd8 17. Rd1 Rxd1+ 18. Nxd1 Ng4 19. h3 Bc2 20. Be2 Bxd1 21.
Bxg4 Bxg4 22. hxg4 g6 23. Bc1 Kg7 24. Be3 Bxe3 25. fxe3 Kf6 26. e4 Kg5 27. Kf2
Kf4 28. g3+ Kxe4 29. Ke2 f5 30. gxf5 gxf5 31. b4 f4 32. gxf4 exf4 33. a4 f3+ 34.
Kd2 f2 35. Ke2 f1=Q+ 36. Kxf1 Kd3 37. b5 cxb5 38. axb5 Kxc3 39. Ke2 Kb4 0-1

[Event "AUTO-MASTER-2265"]
[Site "http://www.queenalice.com/game.php?id=1347446"]
[Date "2015.3.14"]
[Round "1"]
[White "Rutty"]
[Black "gedalias"]
[Result "1-0"]
[WhiteElo "2104"]
[BlackElo "2067"]

1. e4 c5 2. Nf3 d6 3. d4 cxd4 4. Nxd4 Nf6 5. Nc3 e6 6. Bb5+ Bd7 7. O-O Be7 8.
Be3 Nc6 9. Nxc6 Bxc6 10. Qe2 O-O 11. Bxc6 bxc6 12. Rfd1 Qc7 13. f4 d5 14. e5 Nd7
15. Qf2 Qa5 16. a3 Bc5 17. Bxc5 Qxc5 18. Qxc5 Nxc5 19. b4 Nb7 20. Ne2 a6 21.
Rac1 a5 22. c4 axb4 23. axb4 Rfc8 24. Kf2 g6 25. Ke3 Ra3+ 26. Rd3 Rxd3+ 27. Kxd3
Ra8 28. cxd5 cxd5 29. Rc7 Rb8 30. Nd4 Nd8 31. b5 Kg7 32. Kc3 Rb6 33. Kb4 Kf8 34.
Kc5 Rb7 35. Rxb7 Nxb7+ 36. Kb6 Nd8 37. Kc7 Ke8 38. Nc6 1-0

[Event "AUTO-MASTER-2268"]
[Site "http://www.queenalice.com/game.php?id=1348522"]
[Date "2015.3.19"]
[Round "1"]
[White "gedalias"]
[Black "celsolrc"]
[Result "0-1"]
[WhiteElo "2144"]
[BlackElo "1978"]

1. e4 e6 2. d4 d5 3. exd5 exd5 4. Be2 Bf5 5. Nf3 Qd6 6. O-O Nc6 7. Nh4 Bg6 8.
Bg4 Be7 9. Nf5 Bxf5 10. Bxf5 Nf6 11. Nc3 a6 12. Re1 O-O 13. Bg5 h6 14. Bh4 g6
15. Bg3 Qd8 16. Bh3 Nh5 17. Bg4 Nxg3 18. fxg3 Bf6 19. Ne2 Re8 20. c3 Na5 21. Nf4
Qd6 22. b3 c5 23. Rxe8+ Rxe8 24. Kh1 cxd4 25. cxd4 Nc6 26. Ne2 Qb4 27. a3 Qb6
28. Rb1 Bxd4 29. Bf3 Bg7 30. Qxd5 Rd8 31. Qe4 Qf2 32. Ng1 Ne5 33. Qxb7 Nd3 34.
Nh3 Qc2 35. Rf1 Re8 36. Bd1 Nf2+ 37. Nxf2 Qxf2 38. Qxa6 Re1 39. Be2 Rxf1+ 40.
Bxf1 Bd4 0-1

[Event "AUTO-MASTER-2268"]
[Site "http://www.queenalice.com/game.php?id=1348523"]
[Date "2015.3.19"]
[Round "1"]
[White "celsolrc"]
[Black "gedalias"]
[Result "1-0"]
[WhiteElo "2015"]
[BlackElo "2010"]

1. c4 e5 2. Nc3 Nf6 3. d3 d5 4. cxd5 Nxd5 5. g3 Nc6 6. Bg2 Be6 7. Nf3 Be7 8. O-O
O-O 9. a3 Nxc3 10. bxc3 Bd6 11. Rb1 Rb8 12. c4 Qe7 13. Ng5 Bd7 14. a4 Nd8 15.
Ne4 a5 16. Qc2 Bb4 17. Qb2 Bxa4 18. Nc3 Bc6 19. Nd5 Bxd5 20. Bxd5 c6 21. Bg2 c5
22. e3 b5 23. cxb5 Rxb5 24. Qc2 Ne6 25. Qc4 Rfb8 26. d4 exd4 27. exd4 Nxd4 28.
Bf4 Ne2+ 29. Kh1 Nxf4 30. Qxf4 g6 31. Rfd1 Rd8 32. Bf1 Bd2 33. Qf3 Rxb1 34. Rxb1
Bb4 35. Bc4 Re8 36. Kg2 Qe4 37. Bxf7+ Kg7 38. Bxe8 Qxe8 39. Rd1 a4 40. Qb7+ Kh6
41. h4 1-0

[Event "AUTO-MASTER-2268"]
[Site "http://www.queenalice.com/game.php?id=1348525"]
[Date "2015.3.19"]
[Round "1"]
[White "toomchess"]
[Black "gedalias"]
[Result "1-0"]
[WhiteElo "2215"]
[BlackElo "2088"]

1. Nf3 Nc6 2. b3 d5 3. Bb2 f6 4. d4 e6 5. g3 Bd6 6. Bg2 Nge7 7. Nbd2 e5 8. e4
dxe4 9. Nxe4 exd4 10. Nxd4 Nxd4 11. Bxd4 1-0

[Event "AUTO-MASTER-2268"]
[Site "http://www.queenalice.com/game.php?id=1348526"]
[Date "2015.3.19"]
[Round "1"]
[White "gedalias"]
[Black "CCapivara"]
[Result "1/2-1/2"]
[WhiteElo "2139"]
[BlackElo "2219"]

1. e4 d6 2. d4 Nf6 3. Nc3 c6 4. Nf3 Bg4 5. Be2 Nbd7 6. O-O e5 7. dxe5 dxe5 8. h3
Bh5 9. Nh4 Bg6 10. Nxg6 hxg6 11. Bg5 Qc7 12. Bg4 Rd8 13. Qe2 Bb4 14. Nb1 O-O 15.
c3 Bc5 16. Nd2 Rfe8 17. Nf3 Nf8 18. Bxf6 gxf6 19. Rad1 Kg7 20. Rxd8 Rxd8 21. b4
Bb6 22. c4 Qe7 23. b5 cxb5 24. cxb5 Ne6 25. Bxe6 fxe6 26. Rd1 Rxd1+ 27. Qxd1 Qc5
28. Qe2 g5 29. Nh2 Qa3 30. g3 Qa4 31. Kg2 Kg6 1/2-1/2

[Event "AUTO-MASTER-2268"]
[Site "http://www.queenalice.com/game.php?id=1348527"]
[Date "2015.3.19"]
[Round "1"]
[White "CCapivara"]
[Black "gedalias"]
[Result "0-1"]
[WhiteElo "2228"]
[BlackElo "2141"]

1. e4 c5 2. Nf3 d6 3. d4 cxd4 4. Nxd4 Nc6 5. Nc3 e6 6. Be3 a6 7. Be2 Nf6 8. O-O
Be7 9. f4 Nxd4 10. Bxd4 O-O 11. g4 Nd7 12. g5 e5 13. fxe5 dxe5 14. Bf2 Bxg5 15.
Nd5 Bh4 16. Be3 b6 17. Bg4 Nc5 18. Bxc5 bxc5 19. Bxc8 Rxc8 20. Qg4 Rc6 21. Kh1
Rg6 22. Qf5 Rg5 23. Qf3 f5 24. c4 f4 25. Qh3 Rh5 26. Rad1 Qg5 27. Qf3 Bg3 28.
Rd2 Qh6 29. Qg2 Rxh2+ 30. Qxh2 Bxh2 31. Rxh2 Qg5 32. Rg1 Qd8 33. Rh5 f3 34. Rhg5
f2 0-1